Statistiken für Bezirke Österreichs, die an die Schweiz Grenzen

Klicken Sie hier um das Quiz zu spielen!

Allgemein

  • Dieses Quiz wurde 56 mal gespielt
  • Das Durchschnittsergebnis liegt bei 5 aus 5

Antwortstatistiken

BundeslandLängeBezirk% Korrekt
Vorarlberg11.5 kmBregenz
100%
Vorarlberg15.0 kmFeldkirch
98%
Vorarlberg11.9 kmDornbirn
94%
Vorarlberg64.8 kmBludenz
91%
Tirol56.4 kmLandeck
70%

Verteilung der Resultate

Perzentil nach korrekt beantworteten Fragen

Anzahl Personen mit jedem Resultat

Ihre Resultats-Entwicklung

Sie haben dieses Quiz noch nicht gespielt